000 00861nam a2200253Ia 4500
003 OSt
005 20220923215107.0
006 a|||||r|||| 00| 0
007 ta
008 220922b |||||||| |||| 00| 0 hin d
024 _a175,496
037 _cTextual
040 _aARTS
_cARTS
_bhin
041 _2hin
_ahin
082 _aO152,1:g(Y), L4
100 _aतुलसी, त्रिलोकचन्द्
245 0 _aपरिवेश, मन और साहित्य
246 _aParivesha, hin aur sāhitya
260 _aहोशियारपुर
_b प्रतिभा प्रका0
_c1979
300 _a383 पृ.
_ccm.
650 _aहिन्दी साहित्य
_9156264
942 _hO152,1:g(Y), L4
_cTEXL
_2CC
999 _c329200
_d329200